000 00442nam a2200181Ia 4500
001 8259
005 20260306160556.0
008 260306t2016||||xx |||||||||||||| ||spa||
041 _aESP
082 _a370.152
_bS86
100 _aSuberviola Ovejas, Iratxe
_eAUT
245 0 _aEstrategias para potenciar la cognición
260 _c2016
300 _a128 páginas :
_c24 cm.
650 _aGEN
654 _aCED
942 _cLIB
_dJUS
_fJUS
_2ddc
_n
999 _c8259
_d8259